The Indian National Flag as a site of daily plebiscite (Record no. 80012)

000 -LEADER
fixed length control field 01053pab a2200169 454500
008 - FIXED-LENGTH DATA ELEMENTS--GENERAL INFORMATION
fixed length control field 180718b2008 xxu||||| |||| 00| 0 eng d
100 ## - MAIN ENTRY--PERSONAL NAME
Personal name Jha, Sadan
245 ## - TITLE STATEMENT
Title The Indian National Flag as a site of daily plebiscite
260 ## - PUBLICATION, DISTRIBUTION, ETC.
Date of publication, distribution, etc. 2008
300 ## - PHYSICAL DESCRIPTION
Extent p.102-11.
362 ## - DATES OF PUBLICATION AND/OR SEQUENTIAL DESIGNATION
Dates of publication and/or sequential designation 25 Oct
520 ## - SUMMARY, ETC.
Summary, etc. This paper attempts to understand the politics that go into the making of various discourses and ways of looking at one representational site, the tricolour. It also addresses the question of how to read this symbolic space as a contested field and analyses the "cultural practices" underlying political questions in colonial and post-colonial India. The author explores three historical periods in the history of the national flag - the flag satyagraha (1922-23), the constituent assembly debate on the design of the flag and the period between 1997 and 2002 when important decisions regarding the use of the tricolour were taken. - Reproduced.
650 ## - SUBJECT ADDED ENTRY--TOPICAL TERM
Topical term or geographic name entry element National Flag
773 ## - HOST ITEM ENTRY
Main entry heading Economic and Political Weekly
908 ## - PUT COMMAND PARAMETER (RLIN)
Put command parameter N
909 ## -
-- 80012
Holdings
Withdrawn status Lost status Damaged status Not for loan Permanent Location Current Location Date acquired Serial Enumeration / chronology Barcode Date last seen Price effective from Koha item type
        Indian Institute of Public Administration Indian Institute of Public Administration 2018-07-19 Volume no: 43, Issue no: 43 AR80472 2018-07-19 2018-07-19 Articles

Powered by Koha